书目信息 |
| 题名: |
世界园林
|
|
| 作者: | ||
| 分册: | No.1(2013) 填埋场复育景观 | |
| 出版信息: | 北京 中国林业出版社 2013 |
|
| 页数: | 192页 | |
| 开本: | 30cm | |
| 丛书名: | ||
| 单 册: | ||
| 中图分类: | TU986.2-55 , X705 | |
| 科图分类: | ||
| 主题词: | 园林设计--景观设计--世界--丛刊 , 卫生填埋场--园林设计--景观设计--世界 , 景观设计 , 卫生填埋场 , 园林设计 | |
| 电子资源: | ||
| ISBN: | 978-7-5038-7039-2 | |
| 000 | 01163nam0 2200289 450 | |
| 001 | 140025 | |
| 005 | 20140915090715.32 | |
| 010 | @a978-7-5038-7039-2@dCNY 80.00 | |
| 100 | @a20130909d2013 em y0chiy50 ea | |
| 101 | 0 | @achi@aeng |
| 102 | @aCN@b110000 | |
| 105 | @aa z 000yy | |
| 200 | 1 | @a世界园林@Ashi jie yuan lin@hNo.1(2013)@hNo.1(2013)@i填埋场复育景观@iThe landscape of landfills@b专著@dWorldscape@zeng |
| 210 | @a北京@c中国林业出版社@d2013 | |
| 215 | @a192页@d30cm | |
| 300 | @a中国花卉园艺与园林绿化行业协会、国际绿色建筑与住宅景观协会主办 | |
| 330 | @a本书展示填埋场复育景观设计经典案例、新思想、新技术、新成果;发布前沿理论、全球资讯,行业发展最新动态;搭建国际间风景园林行业交流平台,促进国际间交流与合作,推动世界风景园林行业发展;展现风景园林行业发展成果,传播最新景观设计理念。 | |
| 510 | 1 | @aWorldscape@hNo.1(2013)@iThe landscape of landfills@zeng |
| 606 | 0 | @a园林设计@x景观设计@y世界@j丛刊 |
| 606 | 0 | @a卫生填埋场@x园林设计@x景观设计@y世界 |
| 606 | 0 | @a景观设计 |
| 606 | 0 | @a卫生填埋场 |
| 606 | 0 | @a园林设计 |
| 690 | @aTU986.2-55@v5 | |
| 690 | @aX705@v5 | |
| 801 | 0 | @aCN@bZL@c20140915 |
| 905 | @a241430@dTU986.2-55@eS600 | |
| 世界园林.No.1(2013).No.1(2013).填埋场复育景观.The landscape of landfills=Worldscape.-北京:中国林业出版社,2013 |
| 192页;30cm |
| 中国花卉园艺与园林绿化行业协会、国际绿色建筑与住宅景观协会主办 |
| ISBN 978-7-5038-7039-2:CNY 80.00 |
| 本书展示填埋场复育景观设计经典案例、新思想、新技术、新成果;发布前沿理论、全球资讯,行业发展最新动态;搭建国际间风景园林行业交流平台,促进国际间交流与合作,推动世界风景园林行业发展;展现风景园林行业发展成果,传播最新景观设计理念。 |
| ● |
| 相关链接 |
|
|
|
正题名:世界园林
索取号:TU986.2-55/S600
 
预约/预借
| 序号 | 登录号 | 条形码 | 馆藏地/架位号 | 状态 | 备注 |
| 1 | 0832998 | 208329986 | 建筑库201/201建筑库 112排2列6层/ [索取号:TU986.2-55/S600] | 在馆 | |
| 2 | 0832999 | 208329995 | 建筑与城市规划学院资料室/201建筑库 115排2列4层/ [索取号:TU986.2-55/S600] | 在馆 | |
| 3 | 0833000 | 208330000 | 建筑库201/201建筑库 112排2列6层/ [索取号:TU986.2-55/S600] | 在馆 |